[Event "Pan American Amateur-ch"]
[Site "Curitiba"]
[Date "2015.12.17"]
[Round "3"]
[White "Serafim, Arnor Jr"]
[Black "Nemeth, Henrique Jr"]
[Result "0-1"]
[WhiteElo "1886"]
[BlackElo "1967"]
[PlyCount "80"]
[EventDate "2015.12.16"]
[EventType "swiss"]
[EventRounds "9"]
[EventCountry "BRA"]
[SourceTitle "CBM 170 Extra"]
[Source "ChessBase"]
[SourceDate "2016.02.25"]
[SourceVersion "1"]
[SourceVersionDate "2016.02.25"]
[SourceQuality "1"]

1. Nf3 d5 2. g3 Nf6 3. Bg2 g6 4. 0-0 Bg7 5. d3 0-0 6. Nbd2 b6 7. c4 Bb7 8. Ne5 Nbd7 9. Ndf3 Nxe5 10. Nxe5 Nd7 11. Nxd7 Qxd7 12. Qb3 dxc4 13. dxc4 Bxg2 14. Kxg2 c5 15. Bg5 Qg4 16. Bxe7 Qe4+ 17. Kg1 Qxe7 18. Rfe1 Rad8 19. Qc2 Rd6 20. Rad1 Rfd8 21. b3 Qd7 22. Rxd6 Qxd6 23. e3 Qd2 24. Re2 Qxc2 25. Rxc2 f5 26. Kg2 g5 27. Kf3 Kf7 28. g4 fxg4+ 29. Kxg4 Kg6 30. h3 Be5 31. f4 h5+ 32. Kf3 gxf4 33. exf4 Rf8 34. Rg2+ Kh6 35. Ke4 Bxf4 36. Rf2 Kg5 37. h4+ Kg4 38. Kd5 Kxh4 39. Kc6 Kg3 40. Re2 Rf7 0-1

[Event "Pan American Amateur-ch"]
[Site "Curitiba"]
[Date "2015.12.16"]
[Round "2"]
[White "Colaco, Willian Wagner Soar"]
[Black "Serafim, Arnor Jr"]
[Result "0-1"]
[WhiteElo "1615"]
[BlackElo "1886"]
[PlyCount "48"]
[EventDate "2015.12.16"]
[EventType "swiss"]
[EventRounds "9"]
[EventCountry "BRA"]
[SourceTitle "CBM 170 Extra"]
[Source "ChessBase"]
[SourceDate "2016.02.25"]
[SourceVersion "1"]
[SourceVersionDate "2016.02.25"]
[SourceQuality "1"]

1. d4 Nf6 2. Nf3 g6 3. c4 Bg7 4. Nc3 0-0 5. Bg5 d6 6. e3 Nbd7 7. Be2 c6 8. 0-0 Re8 9. Rc1 Qa5 10. Bh4 a6 11. a4 e5 12. dxe5 dxe5 13. Qc2 Nc5 14. Nd2 Bf5 15. e4 Bd7 16. f3 Nh5 17. Rfd1 Bh6 18. Rb1 Qc7 19. b4 Ne6 20. Nb3 Nd4 21. Qd3 Nf4 22. Qxd4 Nxe2+ 23. Nxe2 exd4 24. Rxd4 Be3+ 0-1

[Event "Pan American-ch Amateur"]
[Site "Montevideo"]
[Date "2013.10.25"]
[Round "3"]
[White "Ibanez Iglesias, Juan Rodrigo"]
[Black "Serafim, Arnor Jr"]
[Result "0-1"]
[WhiteElo "1995"]
[BlackElo "1852"]
[PlyCount "76"]
[EventDate "2013.10.24"]
[EventType "swiss"]
[EventRounds "9"]
[EventCountry "URU"]
[SourceTitle "EXT 2014"]
[Source "ChessBase"]
[SourceDate "2013.11.20"]
[SourceVersion "1"]
[SourceVersionDate "2013.11.20"]
[SourceQuality "1"]

1. e4 c5 2. Nf3 e6 3. d4 cxd4 4. Nxd4 a6 5. Nc3 Qc7 6. Bd3 Nf6 7. 0-0 Be7 8. Kh1 d6 9. h3 Nbd7 10. f4 0-0 11. Nde2 b5 12. a3 Bb7 13. Ng3 Rac8 14. Be3 Nc5 15. Bxc5 Qxc5 16. Qe2 Nd7 17. Rae1 Bf6 18. e5 dxe5 19. Nce4 Qe7 20. Nxf6+ Qxf6 21. fxe5 Qh4 22. Qh5 Qxh5 23. Nxh5 Rc5 24. b4 Rxe5 25. Rxe5 Nxe5 26. Nf4 Rd8 27. Kg1 g5 28. Re1 Nc4 29. Nh5 h6 30. Rf1 f5 31. g4 Ne3 32. Re1 f4 33. Kf2 Kf7 34. Rxe3 fxe3+ 35. Kxe3 Bg2 36. Ng3 Rc8 37. Ne4 Bxe4 38. Kxe4 Rc3 0-1

[Event "Pan American-ch Amateur"]
[Site "Montevideo"]
[Date "2013.10.25"]
[Round "2"]
[White "Perez, Cecilia Manuela"]
[Black "Serafim, Arnor Jr"]
[Result "0-1"]
[WhiteElo "1484"]
[BlackElo "1852"]
[PlyCount "64"]
[EventDate "2013.10.24"]
[EventType "swiss"]
[EventRounds "9"]
[EventCountry "URU"]
[SourceTitle "EXT 2014"]
[Source "ChessBase"]
[SourceDate "2013.11.20"]
[SourceVersion "1"]
[SourceVersionDate "2013.11.20"]
[SourceQuality "1"]

1. Nf3 d5 2. g3 Nf6 3. Bg2 Bg4 4. 0-0 e6 5. d3 Nbd7 6. Nbd2 c6 7. Qe1 Bc5 8. e4 dxe4 9. Nxe4 Nxe4 10. dxe4 Bxf3 11. Bxf3 Qf6 12. Qe2 Ne5 13. Bg2 0-0 14. Be3 Bxe3 15. Qxe3 Nc4 16. Qb3 Nd2 17. Qxb7 Rab8 18. Qxa7 Nxf1 19. Rxf1 Qxb2 20. Qa4 Rfc8 21. Rd1 Ra8 22. Qc4 Rxa2 23. Qxc6 Qxc2 24. Qxc2 Raxc2 25. Bf1 g5 26. Bd3 R2c3 27. Ba6 Ra8 28. Bb7 Ra2 29. Rd8+ Kg7 30. Rc8 Rf3 31. Rc7 Rfxf2 32. Rc1 Rg2+ 0-1

[Event "Americana Paulista op"]
[Site "Americana"]
[Date "2013.09.22"]
[Round "6"]
[White "Serafim, Arnor Jr"]
[Black "De Oliveira, Francemir Barra"]
[Result "1-0"]
[WhiteElo "1860"]
[BlackElo "1805"]
[PlyCount "83"]
[EventDate "2013.09.20"]
[EventType "swiss"]
[EventRounds "6"]
[EventCountry "BRA"]
[SourceTitle "CBM 156 Extra"]
[Source "ChessBase"]
[SourceDate "2013.10.22"]
[SourceVersion "1"]
[SourceVersionDate "2013.10.22"]
[SourceQuality "1"]

1. c4 Nf6 2. Nf3 b6 3. g3 Bb7 4. Bg2 d6 5. Nc3 e6 6. 0-0 a6 7. Re1 Nbd7 8. d4 Be7 9. b3 0-0 10. Bb2 Ng4 11. h3 Nh6 12. e4 e5 13. Nd5 f6 14. Qd2 Kh8 15. Rad1 Rg8 16. Kh2 Bf8 17. Qc2 c6 18. Ne3 Qe8 19. Rd2 g5 20. g4 Bc8 21. Red1 Be7 22. Nf5 Nxf5 23. exf5 Qf7 24. Ng1 Bb7 25. Ne2 Rge8 26. Ng3 Bf8 27. Ne4 Rad8 28. dxe5 dxe5 29. Nd6 Bxd6 30. Rxd6 Qe7 31. Qd2 Bc8 32. Bxc6 Nb8 33. Bxe8 Rxe8 34. Rd8 Nc6 35. Rxe8+ Qxe8 36. Qd6 Kg7 37. Qc7+ Kh6 38. Rd6 Ne7 39. Rxf6+ Kg7 40. Bxe5 Kg8 41. Rd6 Kf7 42. f6 1-0

[Event "Cordeiropolis op 3rd"]
[Site "Cordeiropolis"]
[Date "2013.08.31"]
[Round "4"]
[White "Serafim, Arnor Jr"]
[Black "Rodrigues, Joao Victor da Silv"]
[Result "0-1"]
[WhiteElo "1859"]
[BlackElo "1776"]
[PlyCount "93"]
[EventDate "2013.08.30"]
[EventType "swiss"]
[EventRounds "6"]
[EventCountry "BRA"]
[SourceTitle "CBM 156 Extra"]
[Source "ChessBase"]
[SourceDate "2013.10.22"]
[SourceVersion "1"]
[SourceVersionDate "2013.10.22"]
[SourceQuality "1"]

1. c4 Nf6 2. Nf3 e6 3. g3 d5 4. d4 c5 5. Bg2 Nc6 6. cxd5 exd5 7. 0-0 Be7 8. Nc3 0-0 9. Bf4 a6 10. Rc1 c4 11. Ne5 Bf5 12. Nxc6 bxc6 13. b3 cxb3 14. axb3 Ba3 15. Ra1 Bb2 16. Ra4 Bxc3 17. Qc1 Ba5 18. Qa3 Bc7 19. Bg5 a5 20. Rc1 Bd7 21. Qc5 Rc8 22. e3 h6 23. Bf4 Bxf4 24. gxf4 Ne4 25. h3 Nf6 26. Qxa5 Qxa5 27. Rxa5 Ra8 28. b4 Rxa5 29. bxa5 Ra8 30. Ra1 Ne4 31. f3 Nd2 32. a6 Ra7 33. e4 Bc8 34. exd5 cxd5 35. Ra5 Rxa6 36. Rxd5 Bb7 37. Rd8+ Kh7 38. Kf2 Ra5 39. Rb8 Bd5 40. Rb2 Ra2 41. Rxa2 Bxa2 42. Ke3 Nc4+ 43. Ke4 f5+ 44. Kd3 Nb6 45. h4 Nd5 46. Bf1 Nxf4+ 47. Ke3 0-1

[Event "Cordeiropolis op 3rd"]
[Site "Cordeiropolis"]
[Date "2013.08.30"]
[Round "2"]
[White "Serafim, Arnor Jr"]
[Black "Rezende, Guilherme Vilela"]
[Result "0-1"]
[WhiteElo "1859"]
[BlackElo "2091"]
[PlyCount "68"]
[EventDate "2013.08.30"]
[EventType "swiss"]
[EventRounds "6"]
[EventCountry "BRA"]
[SourceTitle "CBM 156 Extra"]
[Source "ChessBase"]
[SourceDate "2013.10.22"]
[SourceVersion "1"]
[SourceVersionDate "2013.10.22"]
[SourceQuality "1"]

1. c4 Nf6 2. Nf3 e6 3. g3 b6 4. Bg2 Bb7 5. 0-0 c5 6. Nc3 Be7 7. d4 cxd4 8. Nxd4 Bxg2 9. Kxg2 Qc8 10. b3 d5 11. Bf4 Nbd7 12. Nf3 a6 13. Qd3 dxc4 14. bxc4 0-0 15. Rac1 Qc6 16. Kg1 Nc5 17. Ne5 Qb7 18. Qf3 Nfe4 19. Nxe4 Nxe4 20. Be3 f5 21. Rb1 Qc7 22. Nd3 Rab8 23. Rfc1 Rfd8 24. Nf4 Qc6 25. Nd3 Qc7 26. Nf4 Qc6 27. Nd3 Bd6 28. Rc2 Qc7 29. Nf4 Re8 30. Qh5 Nf6 31. Qf3 Ng4 32. Bd2 Bc5 33. e3 Ne5 34. Qg2 Rbd8 0-1

[Event "Sao Paulo Braga Memorial 2nd"]
[Site "Sao Paulo"]
[Date "2013.07.12"]
[Round "8"]
[White "Takeda, Lucas Koji"]
[Black "Serafim, Arnor Jr"]
[Result "1/2-1/2"]
[WhiteElo "1991"]
[BlackElo "1851"]
[PlyCount "88"]
[EventDate "2013.07.05"]
[EventType "swiss"]
[EventRounds "9"]
[EventCountry "BRA"]
[SourceTitle "CBM 155 Extra"]
[Source "ChessBase"]
[SourceDate "2013.08.26"]
[SourceVersion "1"]
[SourceVersionDate "2013.08.26"]
[SourceQuality "1"]

1. c4 c6 2. g3 d5 3. Bg2 Nf6 4. Nf3 e6 5. 0-0 Nbd7 6. d4 Be7 7. Nc3 0-0 8. b3 Bb4 9. Bb2 Bxc3 10. Bxc3 Ne4 11. Bb4 Re8 12. Nd2 Qb6 13. Nxe4 Qxb4 14. Qc2 Qe7 15. Nc3 Nf6 16. Rfe1 Qb4 17. Qd3 b6 18. a3 Qe7 19. e4 dxe4 20. Nxe4 Bb7 21. Nxf6+ Qxf6 22. Rad1 Red8 23. Be4 g6 24. Qf3 Qxf3 25. Bxf3 Rd7 26. Rd3 Rad8 27. Red1 f5 28. h4 e5 29. Bg2 Rxd4 30. Rxd4 Rxd4 31. Rxd4 exd4 32. Kf1 Kf7 33. Ke2 Ke6 34. Kd3 Kd6 35. Bf3 Ke5 36. b4 f4 37. b5 fxg3 38. fxg3 Kd6 39. bxc6 Bxc6 40. Bxc6 Kxc6 41. Kxd4 Kd6 42. g4 h6 43. g5 h5 44. Ke4 Ke6 1/2-1/2

[Event "Sao Paulo Braga Memorial 2nd"]
[Site "Sao Paulo"]
[Date "2013.07.07"]
[Round "3"]
[White "Serafim, Arnor Jr"]
[Black "Borges, Guilherme Deola"]
[Result "0-1"]
[WhiteElo "1851"]
[BlackElo "2146"]
[PlyCount "84"]
[EventDate "2013.07.05"]
[EventType "swiss"]
[EventRounds "9"]
[EventCountry "BRA"]
[SourceTitle "CBM 155 Extra"]
[Source "ChessBase"]
[SourceDate "2013.08.26"]
[SourceVersion "1"]
[SourceVersionDate "2013.08.26"]
[SourceQuality "1"]

1. c4 e6 2. Nf3 d5 3. d4 c6 4. g3 dxc4 5. Bg2 Bb4+ 6. Bd2 Bxd2+ 7. Nbxd2 b5 8. a4 Bb7 9. 0-0 Nf6 10. Qc2 Nbd7 11. b3 cxb3 12. Qxb3 a6 13. Nc4 0-0 14. Nd6 Qc7 15. Nxb7 Qxb7 16. Rab1 Rac8 17. Rfc1 Rfd8 18. Ng5 Nb8 19. e3 Qe7 20. h4 h6 21. Nh3 Nd5 22. e4 Nb6 23. axb5 cxb5 24. d5 Nc4 25. Rd1 e5 26. Bf1 Nd7 27. Ra1 Qd6 28. Qa2 Nb8 29. Rdc1 Nb6 30. Be2 Qb4 31. f3 Na4 32. Nf2 Nd7 33. Rc6 Rxc6 34. dxc6 Ndb6 35. Rc1 Rd2 36. Rc2 Nc3 37. Qxa6 Nxe2+ 38. Kg2 Rxc2 39. Qxb6 Qb1 40. Kh3 Qg1 41. Qb8+ Kh7 42. Qxe5 Rxc6 0-1

[Event "Sao Bento do Sul op"]
[Site "Sao Bento do Sul"]
[Date "2013.06.28"]
[Round "2"]
[White "Serafim, Arnor Jr"]
[Black "De Borba, Guilherme"]
[Result "1-0"]
[WhiteElo "1944"]
[BlackElo "1498"]
[PlyCount "119"]
[EventDate "2013.06.28"]
[EventType "swiss"]
[EventRounds "6"]
[EventCountry "BRA"]
[SourceTitle "EXT 2014"]
[Source "ChessBase"]
[SourceDate "2013.11.20"]
[SourceVersion "1"]
[SourceVersionDate "2013.11.20"]
[SourceQuality "1"]

1. c4 e6 2. Nf3 d5 3. b3 c5 4. e3 Nf6 5. Bb2 Be7 6. Be2 Nc6 7. d3 0-0 8. 0-0 b6 9. Nbd2 Bb7 10. Ne5 Nxe5 11. Bxe5 Bd6 12. Nf3 Bxe5 13. Nxe5 Qd6 14. d4 Nd7 15. Nxd7 Qxd7 16. dxc5 bxc5 17. cxd5 exd5 18. Rc1 Qe7 19. Bf3 Rfd8 20. Qe2 Rac8 21. Rfd1 Kf8 22. Qc2 g6 23. Qb2 f6 24. Rc2 Rc7 25. Rcd2 Rcd7 26. Bg4 Rd6 27. Qc3 Ra6 28. Be2 Rb6 29. Bf3 d4 30. exd4 Bxf3 31. Qxf3 Rxd4 32. Rxd4 cxd4 33. g3 Rd6 34. Kf1 Kg7 35. Qe2 Qe5 36. Qc4 Qd5 37. Qxd5 Rxd5 38. Ke2 Ra5 39. Rd2 Rd5 40. Kd3 Kf7 41. Kc4 Ke6 42. Rxd4 Ra5 43. a4 Rh5 44. h4 Rf5 45. Rd2 a6 46. b4 g5 47. hxg5 fxg5 48. b5 axb5+ 49. axb5 Rf8 50. b6 h5 51. Kb5 h4 52. gxh4 gxh4 53. b7 h3 54. Kc6 h2 55. Rd1 Kf5 56. Rh1 Rh8 57. Kc7 Kg4 58. b8Q Rxb8 59. Kxb8 Kh3 60. f4 1-0

[Event "Vitoria Cup"]
[Site "Vitoria"]
[Date "2013.05.31"]
[Round "4"]
[White "Barata, Adriano Albiani"]
[Black "Serafim, Arnor Jr"]
[Result "1-0"]
[WhiteElo "2147"]
[BlackElo "1841"]
[PlyCount "97"]
[EventDate "2013.05.30"]
[EventType "swiss"]
[EventRounds "7"]
[EventCountry "BRA"]
[SourceTitle "CBM 154 Extra"]
[Source "ChessBase"]
[SourceDate "2013.06.25"]
[SourceVersion "2"]
[SourceVersionDate "2013.06.25"]
[SourceQuality "1"]

1. e4 c5 2. Nf3 e6 3. d3 Nc6 4. g3 g6 5. Bg2 Bg7 6. 0-0 Nge7 7. c3 0-0 8. Re1 d6 9. a4 a6 10. Be3 Rb8 11. Nbd2 b5 12. axb5 axb5 13. d4 b4 14. Qc2 bxc3 15. bxc3 cxd4 16. cxd4 Nb4 17. Qc3 Bd7 18. Rec1 Qc8 19. Qa3 Nec6 20. Nc4 Qc7 21. Bf4 Nxd4 22. Nxd4 Bxd4 23. Bxd6 Qb7 24. Rab1 Qa6 25. Bxb4 Qxa3 26. Bxa3 Rxb1 27. Rxb1 Rc8 28. Ne3 Bxe3 29. fxe3 Rc3 30. Rb8+ Rc8 31. Rxc8+ Bxc8 32. e5 Ba6 33. Be7 h5 34. Bc6 Kg7 35. Kf2 Kh6 36. h4 Kg7 37. Kf3 Bd3 38. Kf4 Bc2 39. Bf3 Ba4 40. Kg5 Be8 41. Bf6+ Kh7 42. Bd1 Bc6 43. Be2 Bd7 44. Bc4 Bc6 45. Bd3 Bd7 46. g4 hxg4 47. h5 g3 48. hxg6+ Kg8 49. g7 1-0

[Event "Vitoria Cup"]
[Site "Vitoria"]
[Date "2013.05.30"]
[Round "1"]
[White "Serafim, Arnor Jr"]
[Black "Mendonca, Mateus Nakajo"]
[Result "0-1"]
[WhiteElo "1841"]
[BlackElo "2298"]
[PlyCount "98"]
[EventDate "2013.05.30"]
[EventType "swiss"]
[EventRounds "7"]
[EventCountry "BRA"]
[SourceTitle "CBM 154 Extra"]
[Source "ChessBase"]
[SourceDate "2013.06.25"]
[SourceVersion "2"]
[SourceVersionDate "2013.06.25"]
[SourceQuality "1"]

1. c4 Nf6 2. Nc3 c5 3. Nf3 Nc6 4. g3 d6 5. Bg2 Bg4 6. a3 Qd7 7. d3 g6 8. Rb1 Bg7 9. h3 Bf5 10. e4 Be6 11. Ng5 0-0 12. 0-0 Nd4 13. Ne2 Ne8 14. Be3 Nxe2+ 15. Qxe2 Nc7 16. b4 h6 17. Nxe6 Nxe6 18. Qd2 Kh7 19. Kh2 Rab8 20. b5 Nd4 21. f4 f5 22. Bxd4 Bxd4 23. exf5 gxf5 24. Rbe1 Rf6 25. Qe2 e5 26. Qh5 Rg8 27. Bd5 Rg7 28. Rf3 Rfg6 29. g4 fxg4 30. Rg3 Bf2 31. Be4 Bxg3+ 32. Kxg3 exf4+ 33. Kxf4 Qf7+ 34. Kg3 gxh3+ 35. Kxh3 Qe6+ 36. Qf5 Kh8 37. Qxe6 Rxe6 38. Rf1 Rge7 39. Rf4 Kg7 40. Rg4+ Kf6 41. Kg3 Rg7 42. Rxg7 Kxg7 43. Bxb7 Re3+ 44. Kf4 Rxd3 45. Ke4 Rd4+ 46. Kf5 Rxc4 47. Ke6 Ra4 48. Kxd6 c4 49. Kc5 c3 0-1

[Event "Rio Claro IRT op 2nd"]
[Site "Rio Claro"]
[Date "2013.04.28"]
[Round "5"]
[White "De Almeida, Guilherme Pereira"]
[Black "Serafim, Arnor Jr"]
[Result "1-0"]
[WhiteElo "1800"]
[BlackElo "1839"]
[PlyCount "117"]
[EventDate "2013.04.26"]
[EventType "swiss"]
[EventRounds "6"]
[EventCountry "BRA"]
[SourceTitle "CBM 154 Extra"]
[Source "ChessBase"]
[SourceDate "2013.06.25"]
[SourceVersion "2"]
[SourceVersionDate "2013.06.25"]
[SourceQuality "1"]

1. Nf3 Nf6 2. g3 d5 3. Bg2 c6 4. 0-0 e6 5. b3 Be7 6. Bb2 Nbd7 7. d4 0-0 8. c4 Ne4 9. Nbd2 f5 10. cxd5 exd5 11. Ne5 Nxe5 12. dxe5 Bb4 13. Nxe4 fxe4 14. f4 Bf5 15. e3 Qd7 16. Qc1 Rae8 17. Ba3 Bxa3 18. Qxa3 a6 19. Rfd1 Bh3 20. Qb2 Qg4 21. Bxh3 Qxh3 22. Qg2 Qh6 23. Kh1 Re6 24. b4 g5 25. a4 Qh5 26. b5 axb5 27. axb5 Qf3 28. Qxf3 exf3 29. Ra7 Rf7 30. bxc6 bxc6 31. Rxf7 Kxf7 32. g4 Rh6 33. Kg1 Rh4 34. Kf2 Rxh2+ 35. Kxf3 Rh3+ 36. Kf2 Rh2+ 37. Kg3 Re2 38. Kf3 Rh2 39. Rc1 Rh3+ 40. Kf2 Rh2+ 41. Kg3 Re2 42. Kf3 Ra2 43. Rxc6 gxf4 44. Kxf4 Ra4+ 45. Kf5 Re4 46. Rc7+ Ke8 47. Ke6 Kd8 48. Rxh7 Rxg4 49. Kxd5 Rg3 50. e4 Rd3+ 51. Ke6 Rd4 52. Kf5 Rd1 53. e6 Rf1+ 54. Ke5 Ra1 55. Rd7+ Ke8 56. Rb7 Rd1 57. e7 Rh1 58. Kd5 Rd1+ 59. Ke6 1-0

[Event "Joao Pessoa op 4th"]
[Site "Joao Pessoa"]
[Date "2013.03.15"]
[Round "1"]
[White "Reis, Paulo F Jatoba"]
[Black "Serafim, Arnor Jr"]
[Result "1-0"]
[WhiteElo "2419"]
[BlackElo "1835"]
[PlyCount "97"]
[EventDate "2013.03.15"]
[EventType "swiss"]
[EventRounds "6"]
[EventCountry "BRA"]
[SourceTitle "CBM 153 Extra"]
[Source "ChessBase"]
[SourceDate "2013.04.22"]
[SourceVersion "1"]
[SourceVersionDate "2013.04.22"]
[SourceQuality "1"]

1. d4 d5 2. Nf3 Nf6 3. c4 c6 4. Nc3 e6 5. Bg5 Be7 6. e3 Nbd7 7. Qc2 h6 8. Bh4 0-0 9. Rd1 Qa5 10. a3 Re8 11. h3 Ne4 12. Bxe7 Rxe7 13. Bd3 Ndf6 14. Ne5 Nxc3 15. Qxc3 Qxc3+ 16. bxc3 Nd7 17. Nf3 e5 18. Be2 e4 19. Nd2 Nf6 20. cxd5 cxd5 21. c4 b6 22. cxd5 Bb7 23. d6 Rd7 24. Nc4 Rc8 25. Kd2 Bd5 26. Rc1 Rcd8 27. Ne5 Rxd6 28. Rc7 Nd7 29. Nxd7 R6xd7 30. Rhc1 Be6 31. Bb5 Rxc7 32. Rxc7 Rd5 33. a4 Rg5 34. g4 h5 35. Rxa7 hxg4 36. hxg4 Rxg4 37. Bc6 Bc4 38. Kc3 Bd3 39. Bd5 Rg1 40. Bxf7+ Kf8 41. d5 Bb1 42. Kd4 Rd1+ 43. Ke5 Rd2 44. Be6 g5 45. Rf7+ Ke8 46. d6 Bc2 47. d7+ Kd8 48. Rf8+ Kc7 49. Rc8+ 1-0

[Event "Sao Bernardo do Campo op"]
[Site "Sao Bernardo do Campo"]
[Date "2012.10.16"]
[Round "5"]
[White "Assef, Nathaly Regina Reis"]
[Black "Serafim, Arnor Jr"]
[Result "1-0"]
[WhiteElo "1466"]
[BlackElo "1865"]
[PlyCount "73"]
[EventDate "2012.09.14"]
[EventType "swiss"]
[EventRounds "6"]
[EventCountry "BRA"]
[SourceTitle "CBM 150 Extra"]
[Source "ChessBase"]
[SourceDate "2012.10.19"]
[SourceVersion "1"]
[SourceVersionDate "2012.10.19"]
[SourceQuality "1"]

1. d4 Nf6 2. c4 g6 3. Nc3 Bg7 4. e4 d6 5. Nf3 0-0 6. Be2 e5 7. 0-0 Nc6 8. d5 Ne7 9. Ne1 Ne8 10. Nd3 f5 11. f3 f4 12. b4 a5 13. c5 axb4 14. cxd6 cxd6 15. Na4 Bd7 16. Nab2 Nf6 17. Qb3 Qb6+ 18. Kh1 g5 19. Nc4 Qc7 20. Qxb4 Nc8 21. Ndb2 h5 22. Bd2 Qc5 23. Qxb7 Ra7 24. Qb4 Qxb4 25. Bxb4 Rb7 26. a3 Bb5 27. Rac1 g4 28. Rc2 h4 29. fxg4 Nxe4 30. Rfc1 Rb8 31. Bf3 Bxc4 32. Bxe4 Ba6 33. Nc4 Bxc4 34. Rxc4 Nb6 35. Rc6 Rfd8 36. Ba5 Rdc8 37. Bxb6 1-0

[Event "Maringa op 2nd"]
[Site "Maringa"]
[Date "2012.08.12"]
[Round "9"]
[White "Serafim, Arnor Jr"]
[Black "Utiyama, Marcel Heimar Ribei"]
[Result "0-1"]
[WhiteElo "1859"]
[BlackElo "2126"]
[PlyCount "91"]
[EventDate "2012.08.08"]
[EventType "swiss"]
[EventRounds "9"]
[EventCountry "BRA"]
[SourceTitle "CBM 149 Extra"]
[Source "ChessBase"]
[SourceDate "2012.08.24"]
[SourceVersion "1"]
[SourceVersionDate "2012.08.24"]
[SourceQuality "1"]

1. c4 Nf6 2. Nc3 g6 3. g3 d5 4. cxd5 Nxd5 5. Bg2 Nxc3 6. bxc3 Bg7 7. Rb1 Nc6 8. d4 0-0 9. Nf3 b6 10. Nd2 Bb7 11. 0-0 Na5 12. Nb3 Bxg2 13. Kxg2 Qd5+ 14. f3 Nb7 15. Qd3 Qd7 16. Rd1 Qa4 17. Bg5 Rfe8 18. Qd2 Nd6 19. e4 Nc4 20. Qe2 h6 21. Bc1 Red8 22. Na1 c5 23. Qc2 Qc6 24. Qb3 Na5 25. Qb5 Qxb5 26. Rxb5 cxd4 27. cxd4 Rxd4 28. Rxd4 Bxd4 29. Nc2 Rc8 30. Nxd4 Rxc1 31. Rb2 Rd1 32. Nb5 Rd7 33. Rc2 Kg7 34. Nc7 Nb7 35. Nd5 Nc5 36. Kf1 f5 37. Re2 e6 38. Nc3 Rd3 39. Nb5 a6 40. Nc7 Rxf3+ 41. Kg2 fxe4 42. Rxe4 Nxe4 43. Kxf3 Nc5 44. Na8 Nd7 45. Nc7 Nb8 46. Ne8+ 0-1